00246 a2200109 4500001000700000020000600007040001100013100000600024240005100030245004600081362000900127162602 a  cMagnum a-10aAladim e a lampada maravilhosa/villa ricalpor10aAladim e a lampada maravilhosa/villa rica0 a1899